02610nam a22001577a 4500999001900000008004100019100007300060245004200133260003700175300003200212520195200244650010502196773003702301942000702338952010702345 c530783d530783250714b ||||| |||| 00| 0 eng d aRashidi, M. Naghavi, M.A. S. Rezaeemanesh, B. and Vaezai, R. 955127 aThe framework of human resource slack aManagement and Labour Studies  a50(2), May, 2025: p.236-256 aHuman resources slack refers to more human resources than the organization needs, which can have different and even contradictory effects on organizational performance. The objective of the present study is to investigate the effect of this new concept on organizational performance. The methodology adopted was qualitative and fundamental, with a systematic review in the case of purpose. Therefore, the systematic search to identify and extract articles was limited to two databases, Elsevier (Scopus) and the Scientific Network Information Sciences Institute (Thomson Reuters). The Critical Appraisal Skills Programs standard checklist was used to assess the study validity, and a Cohen kappa index equal to 0.731 was applied in SPSS software to assess the study reliability, which was confirmed. Having investigated the existing articles, a model was suggested to clearly state the effect of human resources slack on the organization’s performance. Referring to the articles, the model introduces the different types of human resources slack, which could range from value-oriented to knowledge-oriented to surplus-oriented to accumulation-oriented (relative or absolute), and could also be knowledge-based or non-knowledge-based and short-term or long-term period. The model presented in the research can be the basis for future research that aims to optimize human resource slack in human resource management measures such as training, rewarding and compensating, evaluation and so on. In the proposed pattern, value-oriented and knowledge-based human resources slack with positive effects were evaluated. Surplus-oriented human resources slack and, to some extent, accumulation-oriented human resources slack with negative effects were also evaluated. It was concluded that having too many of each type can prove detrimental to an organization’s performance.- Reproduced https://journals.sagepub.com/doi/full/10.1177/0258042X241277264  aAbsolute, Human resources slack, Knowledge, Organizational slack, Relative, Resources slack. 955128 aManagement and Labour Studies  cAR 00102ddc40709405984aIIPAbIIPAd2025-07-14h50(2), May, 2025: p.236-256pAR136562r2025-07-14yAR